| 000 | 00785nam a22002537a 4500 | ||
|---|---|---|---|
| 005 | 20170123162318.0 | ||
| 010 | _aA-023870 | ||
| 020 | _c30.00 | ||
| 035 | _aA-023870 | ||
| 037 | _bCen Lib/Ret | ||
| 040 |
_aDPL _bUR |
||
| 082 |
_a841 _bا ع ظ |
||
| 100 |
_aاعظم جلال آبادی _9534 |
||
| 245 |
_aکللیت اعظم / _cاعظم جلال آبادی |
||
| 246 |
_aKulliyat-e-Azam / _bby Azam Jalalbadi |
||
| 260 |
_a دہلی _bنول پبلشرز _c1979 |
||
| 270 |
_b دہلی _e110006 _aدریبا کلاں |
||
| 300 |
_a296p. _c21cm(Hb) |
||
| 650 |
_a ادب - اردو _9115860 |
||
| 650 |
_a اردوشاعری _9115861 |
||
| 650 |
_aLiterature -- Urdu _9115862 |
||
| 650 |
_aUrdu poetry _9115863 |
||
| 942 |
_2ddc _cUR _h841 _mا ع ظ |
||
| 999 |
_c106885 _d106885 |
||